French Summer Hits - 1971 to 2020 - Statistics

General Stats
  • This quiz has been taken 27 times
  • The average score is 17 of 50
Answer Stats
Year Song Artist % Correct
2007 Umbrella Rihanna
87%
2010 Alejandro Lady Gaga
78%
1991 Losing my religion REM
78%
1997 Men in black Will Smith
74%
2011 Set fire to the rain Adele
65%
1996 Killing me softly Fugees
61%
1986 Papa don't preach Madonna
61%
1978 You're the one that i want John Travolta & Olivia Newton-John
57%
2019 Bad guy Billie Eilish
52%
2013 Treasure Bruno Mars
52%
1973 Live and let die Paul McCartney & Wings
52%
2000 Maria Maria Santana
48%
2005 La tortura Shakira
48%
1989 Bat dance Prince
43%
1998 La copa de la vida Ricky Martin
43%
1977 I feel love Donna Summer
39%
2002 Without me Eminem
39%
2003 Bring me to life Evanescence
39%
1987 I want your sex George Michael
39%
2006 Crazy Gnarls Barkley
39%
1981 Kids in America Kim Wilde
39%
1994 Black Betty Ram Jam
39%
1993 All that she wants Ace of Base
35%
1983 Too shy Kajagoogoo
35%
2015 El perdón Nicky Jam & Enrique Iglesias
35%
1990 Kingston town UB40
35%
2017 Feels Calvin Harris & Katy Perry & Pharell Williams & Big Sean
30%
2012 We are young Fun.
30%
1988 I should be so lucky Kylie Minogue
30%
1980 Funkytown Lipps Inc.
30%
1995 Have you ever really loved a woman Bryan Adams
26%
2014 Top of the world Imagine Dragons
26%
1976 Fool to cry Rolling Stones
26%
1979 Honesty Billy Joel
22%
1984 Self control Laura Branigan
22%
1974 Sugar baby love Rubettes
22%
2020 Kings and Queens Ava Max
17%
1982 Memories Barbra Streisand
17%
1992 The one Elton John
17%
2009 Heavy cross Gossip
13%
1972 Pop corn Hot Butter
13%
1999 If you had my love Jennifer Lopez
13%
1971 Here's to you Joan Baez
13%
1975 Shame, shame, shame Shirley & Co
13%
2008 This is the life Amy MacDonald
9%
2018 Solo Clean Bandit & Demi Lovato
9%
2016 Ride Twenty One Pilots
9%
2001 Miss California Dante Thomas
4%
2004 F**k It (I Don't Want You Back) Eamon
4%
1985 Cold dresses Al Corley
0%
No matching quizzes found
Score Distribution
Percent of People with Each Score
Percentile by Number Answered
Your Score History
You have not taken this quiz